Zgadnij które państwo jest najmniejszsze - Statystyki

Ogólne statystyki
  • Ten quiz został rozwiązany 30 razy
  • Średni wynik to 5 z 8
Statystyki odpowiedzi
Zagadnienie Odpowiedź % Poprawnych
Wybierz poprawną odpowiedź Antigua i Barbuda
100%
Wybierz poprawną odpowiedź Nauru
100%
Wybierz poprawną odpowiedź Singapur
100%
Wybierz poprawną odpowiedź Barbados
50%
Wybierz poprawną odpowiedź Czad
50%
Wybierz poprawną odpowiedź Monako
50%
Wybierz poprawną odpowiedź Surinam
50%
Wybierz poprawną odpowiedź Słowenia
0%
Nie znaleziono quizów pasujących do podanych kryteriów
Rozkład punktacji
Procent ludzi z każdym wynikiem
Percentyl według liczby udzielonych odpowiedzi
Twoja historia wyników
Nie rozwiązałeś tego quizu